000 00325nam a2200121Ia 4500
005 20251222143136.0
008 251222s9999||||xx |||||||||||||| ||spa||
082 _a339.5/B25
100 _aBarreto, Heber Jaime
245 0 _aEstabilización Económica y Ajuste Estructural en el Perú:
264 _bSan Marcos
942 _cLIB
999 _c12099
_d12099